000
00303pam a2200121 a 4500
020
_c
041
_h
100
_a
HARRYG. CHAMPION.,
_e
AUTHOR.
245
_a
A Revised Survey of the Forest Type of India
_h
Textual Documents
260
_a
[s.l]:
_b
NATRAJ PUBLISHERS.
300
_a
404.
930
_a
2743
999
_c
248594
_d
248594